Statistics for The Great ASOIAF quiz

Click here to take the quiz!

General Stats

  • This quiz has been taken 1,843 times
  • The average score is 26 of 37

Answer Stats

HintAnswer% Correct
Book 1A Game of Thrones
92%
______'s famous war hammer was made by Donal Noye.Robert Baratheon
91%
Renly Baratheon and ____ _____ were lovers.Loras Tyrell
90%
Littlefinger challenged ________ Stark for the hand of Catelyn Tully.Brandon
89%
Book 2A Clash Of Kings
88%
______ _________'s wife, Lady Joanna, was also his cousin.Tywin Lannister
88%
Book 4A Feast For Crows
87%
Book 3A Storm Of Swords
87%
"The things I do for ____." - Jaime LannisterLove
87%
"Vengeance. Justice. Fire and ______." - Doran MartellBlood
86%
Book 6The Winds Of WInter
85%
Book 5A Dance With Dragons
84%
Aegon I Targaryen's dragon, _______, was called "the Black Dread"Balerion
81%
"What the King dreams, the ________ builds." - Eddard StarkHand
81%
Book 7A Dream Of Spring
79%
Aegon the ___________ dated the beginning of his reign from the day the High Septon anointed him as king in Oldtown.Conqueror
78%
"____ fought valiantly, ____ fought nobly, ____ fought honorably. And ____ died." - Jorah MormontRhaegar
77%
______ _____ is the paramour of Oberyn Martell and natural daughter of Lord Harmen Uller.Ellaria Sand
74%
"___ __ ___, Jon Snow. Winter is almost upon us. ___ __ ___ and let the man be born." - Maester AemonKill the Boy
73%
"Words are ____." - Tyrion LannisterWind
73%
During the winter, house Arryn stays at the Gates of the _____.Moon
71%
______ Lannister is the father of Tywin Lannister.Tytos
69%
The titles of ________ ________ include: Lord of White Harbor, Warden of the White Knife, Shield of the Faith, Defender of the Dispossessed, Lord Marshal of the Mander, and A Knight of the Order of the Green Hand.Wyman Manderly
67%
"___, fetch me a block" - Jon SnowEdd
66%
House Tarly's seat is called ______.Horn HIll
65%
"Men call me __________, and I am of the night." - Gerold DayneDarkstar
61%
______ ______ is the seat of the Crannogmen.Greywater Watch
60%
The Lord of House ______ wears bronze armor, reputedly thousands of years old.Royce
60%
From Ib to Asshai, when men see my ______, they pray." - Euron "Crow's Eye" GreyjoySails
57%
“Those are _____ men. Let’s go kill them.” - Tyrion LannisterBrave
55%
Why is it always the innocents who suffer most, when you high lords play your game of thrones?" – ____Varys
51%
The Lannisters once owned a Valyrian sword called _____.Brightroar
50%
_______ the archer is a member of the Brotherhood Without Banners.Anguy
49%
Companion CompendiumThe World of Ice & Fire
49%
"A ______ lives a thousand lives before he dies." - Jojen ReedReader
34%
The ______ Wind transported Sam Tarly Oldtown.Cinnamon Wind
29%
“I have been despised by better men than you, _______” -Jaime LannisterEdmure
20%

Score Distribution

Percentile by Number Answered

Percent of People with Each Score

Your Score History

You have not taken this quiz